| 000 | 00370nam a2200145Ia 4500 | ||
|---|---|---|---|
| 008 | 240729s9999 xx 000 0 und d | ||
| 022 | _a2545-1359 | ||
| 245 | 0 | _aPalliative Medicine in Practice | |
| 260 | _aPoland | ||
| 260 | _bVia Medica | ||
| 650 | _aMedicine | ||
| 856 | _uhttps://doaj.org/toc/cce3b52712aa4b75bb25613b25b1a716 | ||
| 942 | _2ddc | ||
| 942 | _cDOAJEJ | ||
| 999 |
_c72878 _d72878 |
||
| 945 |
_a1 _bMadushi Gamage _c1 _dMadushi Gamage |
||